000 00469nam a2200181Ia 4500
008 221030s9999 xx 000 0 und d
020 _a8122419569
041 _aEnglish
082 _a105.23
_bSin
100 _aB. P. Singh
245 0 _aAdvanced Microprocessors & Microcontrollers
_cby B. P. Singh, R. Singh
250 _a2nd
260 _bNew Age International Pub
_aNew Delhi
_c2006
300 _a522
650 _aComputers
700 _aR. Singh
942 _cBK
999 _c2689
_d2689